Taking the world's measure : Chinese maps between observation and text

Bibliographic Details
Published in:The history of cartography, J.B. Harley and David Woodward, Chicago [etc.], p. 96-127 (2)
Main Author: Yee, Cordell D.K.
Content type: Article
Published: 1994
Source:MPIPL_cat

MARC

LEADER 00000naa a2200000 u 4500
001 PL0063296
003 PLI01000000000000000061524
005 00000000000000.0
008 ||| u
100 1 |a Yee, Cordell D.K. 
245 0 0 |a Taking the world's measure  |b Chinese maps between observation and text  |c Cordell D.K. Yee 
260 |c 1994 
773 0 8 |t The history of cartography  |a J.B. Harley and David Woodward  |k 2  |d Chicago [etc.]  |g p. 96-127  |w MPIPL_cat.PL0063291  |z 0-226-31637-8  |i In: 
952 |h p. 96-127 
996 |a Aufsatz 
997 |a book chapter